| 000 | 00957cam a2200325 4500 | ||
|---|---|---|---|
| 008 | 090401t1998 xxu||||| |||| 00| 0 eng d | ||
| 020 | _a0854069283 | ||
| 035 | _a(Sirsi) u88962 | ||
| 041 | _aeng | ||
| 050 | _a639.9 | ||
| 110 |
_aRoyal Institution of Chartered Surveyors _94900 |
||
| 245 | _aManagement agreements for promoting nature conservation. | ||
| 260 |
_aLondon _bRICS _c1998 |
||
| 300 | _a106p. ; 30cm. | ||
| 350 | _a19.95 | ||
| 490 | _aRICS Research | ||
| 520 | _aResearch funded by the Education Trust of the RICS. | ||
| 650 | _aHABITATS DIRECTIVE | ||
| 650 | _aLAND TENURE | ||
| 650 | _aMANAGEMENT AGREEMENTS | ||
| 650 | _aNATURE CONSERVATION | ||
| 650 | _aSITES OF SPECIAL SCIENTIFIC INTEREST | ||
| 650 | _aSITES OF SPECIAL SCIENTIFIC INTEREST | ||
| 690 | _aCONSERVATION | ||
| 700 | _aRodgers, Christopher | ||
| 700 | _aBishop, Jennifer | ||
| 710 |
_aUniversity of Wales _9296 |
||
| 942 | _n0 | ||
| 948 | _c14/10/1998 | ||
| 999 |
_c97409 _d97409 |
||